| 000 | 00540nam a22001817a 4500 | ||
|---|---|---|---|
| 003 | BD-DhUIB | ||
| 005 | 20260517182455.0 | ||
| 008 | 260517b |||||||| |||| 00| 0 eng d | ||
| 020 | _a9789811649530 | ||
| 040 |
_aBD-DhUIB _cBD-DhUIB |
||
| 082 | _222 | ||
| 100 |
_aFujita, Masahisa. _91114 |
||
| 245 |
_aSpatial economics for building back better: _bthe Japanese experience/ _cby Masahisa Fujita,, Nobuaki Hamaguchi and Yoshihiro Kameyama. |
||
| 260 | _cc2021 | ||
| 300 |
_axix, 329p. : _billus. ; _c21cm. |
||
| 526 | _aMBA | ||
| 942 |
_2ddc _cBK |
||
| 999 |
_c700 _d700 |
||